Online
Catalog

Ángeles Mastretta : (Record no. 42006)

MARC details
000 -CABECERA
campo de control de longitud fija 00900nam a2200205 a 4500
001 - NÚMERO DE CONTROL
campo de control 000042517
005 - FECHA Y HORA DE LA ÚLTIMA TRANSACCIÓN
campo de control 20201002040215.0
008 - DATOS DE LONGITUD FIJA--INFORMACIÓN GENERAL
campo de control de longitud fija 140206s2001 sp 000 0 spa d
020 ## - NÚMERO INTERNACIONAL ESTÁNDAR DEL LIBRO
Número Internacional Estándar del Libro 8472328767
040 ## - FUENTE DE LA CATALOGACIÓN
Centro catalogador/agencia de origen DO-SdBNP
Lengua de catalogación spa
Centro/agencia transcriptor BNPHU
082 ## - NÚMERO DE LA CLASIFICACIÓN DECIMAL DEWEY
Número de clasificación xxx
Número de documento/Ítem xxxx
111 2# - ENTRADA PRINCIPAL--NOMBRE DE CONGRESO/REUNIÓN
Nombre de congreso/reunión o jurisdicción como elemento de entrada Semana de Autor sobre Ángeles Mastretta
Fecha del congreso/reunión 1999
Sede del congreso/Lugar de la reunión Madrid
9 (RLIN) 69728
245 10 - MENCIÓN DE TÍTULO
Título Ángeles Mastretta :
Resto del título la semana de autor sobre Ángeles Mastretta se celebró en Madrid del 21 de junio de 1999 en la Casa de América /
Mención de responsabilidad, etc. edición, Julio Ortega.
260 ## - PUBLICACIÓN, DISTRIBUCIÓN, ETC.
Lugar de publicación, distribución, etc. Madrid :
Nombre del editor, distribuidor, etc. Cultura Hispánica,
-- Agencia Española de Cooperación Internacional,
Fecha de publicación, distribución, etc. 2001.
300 ## - DESCRIPCIÓN FÍSICA
Extensión 83 p. ;
Dimensiones 24 cm.
490 1# - MENCIÓN DE SERIE
Mención de serie Ediciones de cultura hispánica
-- Semana de Autor
500 ## - NOTA GENERAL
Nota general Incluye datos biográficos del autor en la solapa de la cubierta
700 1# - PUNTO DE ACCESO ADICIONAL--NOMBRE DE PERSONA
Nombre de persona Ortega, Julio
Término indicativo de función/relación ed.
9 (RLIN) 15068
830 #0 - PUNTO DE ACCESO ADICIONAL DE SERIE-TÍTULO UNIFORME
Título uniforme Ediciones de cultura hispánica
Nombre de parte o sección de la obra Semana de Autor
9 (RLIN) 69729
Holdings
Estado de retiro Estado de pérdida Restricciones de uso No para préstamo Código de colección Localización permanente Ubicación/localización actual Ubicación en estantería Fecha de adquisición Número de inventario Total de préstamos Signatura topográfica completa Código de barras Fecha visto por última vez Precio válido a partir de Tipo de ítem Koha
      Excluido de préstamo Monografías: Libros y Folletos General General En catalogación 10.12.2013 LF1   xxx xxxx 42517-10 25.06.2020 25.06.2020 No se presta

Powered by Koha